| 000 | 00000nam##2200000za#4500 |
| 001 | 9.699883 |
| 003 | CaOODSP |
| 005 | 20250319161920 |
| 007 | cr ||||||||||| |
| 008 | 150407|1992||||xxc|||||o f|0| 0 eng|d |
| 040 | |aCaOODSP|beng |
| 043 | |an-cn--- |
| 086 | 1 |aZ1-1988/1-1992E-PDF |
| 110 | 1 |aCanada. |bPrivy Council Office. |
| 245 | 10|aRegeneration - Toronto's waterfront and the sustainable city : |h[electronic resource]|bfinal report / |c[published by] Royal Commission on the Future of the Toronto Waterfront ; David Crombie, commissioner. |
| 260 | |aOttawa - Ontario : |bPrivy Council Office |cc1992. |
| 300 | |a115, 84, 47, 34, 78, 116, 80p.|bfigs. (some coloured), graphs, illus., maps (some coloured), photographs, index |
| 500 | |aHistorical publication digitized in 2008 by Privy Council Office of Canada. |
| 504 | |aBibliography. |
| 590 | |a15-04-Supp|b2015-03-19 |
| 690 | 07|aCoastlands|2gcpds |
| 690 | 07|aEcosystems|2gcpds |
| 690 | 07|aWatersheds|2gcpds |
| 690 | 07|aCommissions of inquiry|2gcpds |
| 690 | 07|aUrban planning|2gcpds |
| 775 | 08|tRégénération - le secteur riverain de Toronto et la ville durable |w(CaOODSP)9.643837 |
| 776 | 0#|tRegeneration: Toronto's waterfront and the sustainable city: final report / |w(CaOODSP)9.644527 |
| 856 | 40|ahttp://publications.gc.ca|qPDF|s5.08 MB|uhttps://publications.gc.ca/collections/collection_2014/bcp-pco/Z1-1988-1-1992-3-eng.pdf |
| 856 | 40|ahttp://publications.gc.ca|qPDF|s4.75 MB|uhttps://publications.gc.ca/collections/collection_2014/bcp-pco/Z1-1988-1-1992-7-eng.pdf |
| 856 | 40|ahttp://publications.gc.ca|qPDF|s6.56 MB|uhttps://publications.gc.ca/collections/collection_2014/bcp-pco/Z1-1988-1-1992-4-eng.pdf |
| 856 | 40|ahttp://publications.gc.ca|qPDF|s7.71 MB|uhttps://publications.gc.ca/collections/collection_2014/bcp-pco/Z1-1988-1-1992-5-eng.pdf |
| 856 | 40|ahttp://publications.gc.ca|qPDF|s10.12 MB|uhttps://publications.gc.ca/collections/collection_2014/bcp-pco/Z1-1988-1-1992-1-eng.pdf |
| 856 | 40|ahttp://publications.gc.ca|qPDF|s9.57 MB|uhttps://publications.gc.ca/collections/collection_2014/bcp-pco/Z1-1988-1-1992-6-eng.pdf |
| 856 | 40|ahttp://publications.gc.ca|qPDF|s7.63 MB|uhttps://publications.gc.ca/collections/collection_2014/bcp-pco/Z1-1988-1-1992-2-eng.pdf |